000 00612nam a2200169 i 4500
001 62441
003 ES-MaACL
005 20230906164653.0
007 t|
008 031121s1966 sp ||||1| spa d
100 1 _aFernández Díaz-Faes, José María.
_949742
245 1 3 _aLo social en la Asturias del siglo XX /
_cpor José María Fernández Díaz-Faes ; discurso ... contestación de Martín Andreu Valdés-Solís.
260 _aOviedo :
_bInstituto de Estudios Asturianos,
_c1966.
300 _a94 p. ;
_c24 cm.
700 1 _aAndreu Valdés-Solís, Martín.
_921652
852 _aES-MaACL
_jC-31217
_bR.61862
999 _c62441
_d62441